| 000 | 00591cam a2200169 a 4500 | ||
|---|---|---|---|
| 001 | 000008604 | ||
| 005 | 20200929161354.0 | ||
| 008 | 020806s2002 xxu 000 0 spa | ||
| 040 |
_aDO-SdBNP _bspa _cBNPHU _dBNPHU |
||
| 082 |
_aPR863.44 _bL951c |
||
| 100 | 1 |
_aLugo, Daniel. _923033 |
|
| 245 | 1 | 3 |
_aEl cano de Bonneville : _bjuego a nueve entradas y un juicio 2 de marzo del 2002, Los Angeles, Ca / _cDaniel Lugo. |
| 260 |
_aLos Angeles : _bSociedad de Autores Libres, _c2002. |
||
| 300 |
_a224 p. ; _c19 cm. |
||
| 650 | 4 |
_aNovela puertorriqueña _91185 |
|
| 650 | 4 |
_aLiteratura puertorriqueña _9250 |
|
| 999 |
_c8374 _d8374 |
||